Statistics for Footballers by Career - Leicester City

Click here to take the quiz!

General Stats

  • This quiz has been taken 39 times
  • The average score is 7 of 10

Answer Stats

Player% Correct
Riyad Mahrez
100%
Danny Drinkwater
97%
Kasper Schmeichel
94%
Gary Lineker
89%
Emile Heskey
72%
Shinji Okazaki
69%
Muzzy Izzet
44%
Robbie Savage
44%
Neil Lennon
31%
Frank Sinclair
17%

Score Distribution

Percentile by Number Answered

Percent of People with Each Score

Your Score History

You have not taken this quiz